Track List Album "Extraterrestre" de Jul - Statistiques

Statistiques générales
  • Ce quiz a été pris 63 fois
  • Le résultat moyen est 11 sur 21
Statistiques - réponses
Featuring Titre % Correct
2 J'ai tout su
83%
21 Team Jul 4 Juin 2022
68%
14 Superstar
66%
4 Ténébreux
66%
16 Courtoisie
64%
1 Ça tourne dans ma tête
62%
6 Faut pas (Extraterrestre)
62%
17 Avec José
60%
8 Gigi
53%
10 Ma drogue
53%
13 Comme au bon vieux temps
51%
12 Flouz
49%
9 Sous la Simond
49%
20 Dans la loge
47%
19 En two two bé
45%
11 Cœur blessé
43%
5 Sur la Costa del Sol
43%
3 J'éteins mon téléphone
40%
18 Houari, Moubarak 1 fois mais pas 2
38%
7 J'ai le démon
36%
15 Je te veux toi
34%
Aucun quiz correspondant
Distribution des résultats
% des personnes avec chaque résultat
Percentile par nombre de réponses
Votre historique - résultats
Vous n’avez pas pris ce quiz